00000000nam 2200000za 4500
0019.853618
003CaOODSP
00520221107154853
007cr |||||||||||
008180314s2018    oncb   #ob   f000 0 eng d
020 |a978-0-660-25762-4
040 |aCaOODSP|beng
043 |an-cn---
0861 |aEn3-4/290-2018E-PDF
24500|aRecovery strategy for the American Ginseng (Panax quinquefolius) in Canada |h[electronic resource] : |bAmerican Ginseng.
24610|aAmerican Ginseng
260 |aOttawa : |bEnvironment and Climate Change Canada, |cc2018.
300 |avii, 32 p. : |bmaps
4901 |aSpecies at Risk Act recovery strategy series
500 |aTitle from cover.
500 |aIssued also in French under title: Programme de rétablissement du ginseng à cinq folioles (Panax quinquefolius) au Canada : Ginseng à cinq folioles.
504 |aIncludes bibliographical references.
520 |a"American Ginseng (Panax quinquefolius) is a long-lived perennial plant associated with mature forests. The species was designated as Endangered by the Committee for the Status of Endangered Wildlife in Canada (COSEWIC) in 2000 and has been listed with the same status under Schedule 1 of the Species at Risk Act (SARA) since 2003"--Executive summary, p. iv.
69207|2gccst|aEndangered species
69207|2gccst|aWild plants
69207|2gccst|aEnvironmental management
7101 |aCanada. |bEnvironment and Climate Change Canada.
77508|tProgramme de rétablissement du ginseng à cinq folioles (Panax quinquefolius) au Canada |w(CaOODSP)9.853619
830#0|aSpecies at Risk Act recovery strategy series.|w(CaOODSP)9.505071
85640|qPDF|s1.25 MB|uhttps://publications.gc.ca/collections/collection_2018/eccc/En3-4-290-2018-eng.pdf